Statistics for NBL Teams

Click here to take the quiz!

General Stats

  • This quiz has been taken 110 times
  • The average score is 9 of 10

Answer Stats

StateAnswer% Correct
New ZealandNew Zealand Breakers
96%
Western AustraliaPerth Wildcats
96%
South AustraliaAdelaide 36ers
89%
QueenslandBrisbane Bullets
89%
QueenslandCairns Taipans
89%
VictoriaMelbourne United
85%
New South WalesSydney Kings
85%
TasmaniaTasmania JackJumpers
85%
New South WalesIllawarra Hawks
81%
VictoriaSouth East Melbourne Phoenix
78%

Score Distribution

Percentile by Number Answered

Percent of People with Each Score

Your Score History

You have not taken this quiz